000 00685nam a22001937a 4500
003 0
005 20251106112706.0
008 251106b xxu||||| |||| 00| 0 eng d
020 _a978-1-4013-9803-3
050 _aPS 3561.L285
_b.A339 F58 2004
100 _aAlbom, Mitch,
_eauthor.
245 _aThe five people you meet in heaven /
_cMitch Albom.
260 _aNew York :
_bHachette Books,
_c2004.
300 _a196 pages ;
_c18 cm.
520 _aOn his 83rd birthday, Eddie dies in an accident and finds himself in heaven, where he meets five people who explain the meaning of his life.
650 _aFuture life
_vFiction.
650 _aRedemption
_vFiction.
942 _2lcc
_cBK
999 _c368471
_d368471